<?xml version="1.0" encoding="UTF-8"?><?xml-stylesheet type="text/xsl" href="static/style.xsl"?><OAI-PMH xmlns="http://www.openarchives.org/OAI/2.0/" xmlns:xsi="http://www.w3.org/2001/XMLSchema-instance" xsi:schemaLocation="http://www.openarchives.org/OAI/2.0/ http://www.openarchives.org/OAI/2.0/OAI-PMH.xsd"><responseDate>2026-04-14T04:59:35Z</responseDate><request verb="GetRecord" identifier="oai:www.recercat.cat:2099.1/11850" metadataPrefix="marc">https://recercat.cat/oai/request</request><GetRecord><record><header><identifier>oai:recercat.cat:2099.1/11850</identifier><datestamp>2025-07-23T05:49:20Z</datestamp><setSpec>com_2072_1033</setSpec><setSpec>col_2072_452951</setSpec></header><metadata><record xmlns="http://www.loc.gov/MARC21/slim" xmlns:dcterms="http://purl.org/dc/terms/" xmlns:xsi="http://www.w3.org/2001/XMLSchema-instance" xmlns:doc="http://www.lyncode.com/xoai" xsi:schemaLocation="http://www.loc.gov/MARC21/slim http://www.loc.gov/standards/marcxml/schema/MARC21slim.xsd">
   <leader>00925njm 22002777a 4500</leader>
   <datafield ind2=" " ind1=" " tag="042">
      <subfield code="a">dc</subfield>
   </datafield>
   <datafield ind2=" " ind1=" " tag="720">
      <subfield code="a">Timoneda Heredia, Arnau</subfield>
      <subfield code="e">author</subfield>
   </datafield>
   <datafield ind2=" " ind1=" " tag="260">
      <subfield code="c">2011-01-27</subfield>
   </datafield>
   <datafield ind2=" " ind1=" " tag="520">
      <subfield code="a">El projecte de final de carrera pretén crear un&#xd;
aplicatiu per a poder gestionar el menjador d’un&#xd;
centre educatiu mitjançant la tecnologia OpenERP,&#xd;
que és un ERP (Planificació de Recursos&#xd;
Empresarials) molt potent, lliure i multiplataforma&#xd;
amb client tant d’escriptori com web.&#xd;
OpenERP funciona a través de mòduls, aquests mòduls&#xd;
són modificables per a poder satisfer les&#xd;
necessitats específiques de cada organització, això&#xd;
fa que sigui molt flexible a l’hora de plantejar tot&#xd;
tipus de problemes, es preveu crear i aprofitar tots&#xd;
els mòduls necessaris per a crear la solució.&#xd;
L’aplicatiu s’encarregarà de controlar els alumnes&#xd;
que es queden a dinar al menjador del centre&#xd;
educatiu, tant si aquests són usuaris habituals o&#xd;
esporàdics del servei. Gestionarà també la&#xd;
facturació mensual del servei per cada alumne tenint&#xd;
en compte el tipus d’ús que fa l’alumne del&#xd;
menjador, del tutor/s legal i si l’alumne disposa&#xd;
d’algun tipus de beca atorgada pel Consell Comarcal.</subfield>
   </datafield>
   <datafield tag="653" ind2=" " ind1=" ">
      <subfield code="a">Àrees temàtiques de la UPC::Informàtica::Sistemes d'informació::Bases de dades</subfield>
   </datafield>
   <datafield tag="653" ind2=" " ind1=" ">
      <subfield code="a">Object-oriented databases</subfield>
   </datafield>
   <datafield tag="653" ind2=" " ind1=" ">
      <subfield code="a">OpenERP</subfield>
   </datafield>
   <datafield tag="653" ind2=" " ind1=" ">
      <subfield code="a">ERP</subfield>
   </datafield>
   <datafield tag="653" ind2=" " ind1=" ">
      <subfield code="a">PostgreSQL</subfield>
   </datafield>
   <datafield tag="653" ind2=" " ind1=" ">
      <subfield code="a">Python</subfield>
   </datafield>
   <datafield tag="653" ind2=" " ind1=" ">
      <subfield code="a">XML</subfield>
   </datafield>
   <datafield tag="653" ind2=" " ind1=" ">
      <subfield code="a">Facturació</subfield>
   </datafield>
   <datafield tag="653" ind2=" " ind1=" ">
      <subfield code="a">Alumne</subfield>
   </datafield>
   <datafield tag="653" ind2=" " ind1=" ">
      <subfield code="a">Participació</subfield>
   </datafield>
   <datafield tag="653" ind2=" " ind1=" ">
      <subfield code="a">Assistent</subfield>
   </datafield>
   <datafield tag="653" ind2=" " ind1=" ">
      <subfield code="a">Bases de dades orientades a objectes</subfield>
   </datafield>
   <datafield ind2="0" ind1="0" tag="245">
      <subfield code="a">Aplicació de gestió (ERP) de menjadors en centres educatius</subfield>
   </datafield>
</record></metadata></record></GetRecord></OAI-PMH>